Zinc : the science and technology of the metal, its alloys and compounds /

Bibliographic Details
Main Author: Mathewson, C. H. (Champion Herbert), 1881-
Corporate Author: American Zinc Institute
Format: Book
Language:English
Published: New York : Reinhold Pub. Corp., [1959]
Series:Monograph series (American Chemical Society) ; no.142.
Subjects:

MARC

Tag First Indicator Second Indicator Subfields
LEADER 00000cam a2200000 4500
001 in00000095238
005 20150927110700.0
008 700523s1959 nyua b 00110 eng
010 |a  59013266  
035 |a (OCoLC)00416579 
035 |9 AAL7120AM 
040 |a DLC  |c DLC  |d TXA  |d UtOrBLW 
049 |a TXAM  |c [379320] 
050 0 0 |a TN796  |b .M36 
082 0 |a 669.5 
100 1 |a Mathewson, C. H.  |q (Champion Herbert),  |d 1881- 
245 1 0 |a Zinc :  |b the science and technology of the metal, its alloys and compounds /  |c Prepared with cooperation of the American Zinc Institute under the editorial supervision of C. H. Mathewson, with chapters by specialists. 
264 1 |a New York :  |b Reinhold Pub. Corp.,  |c [1959] 
300 |a xii, 721 pages :  |b illustrations, tables. ;  |c 24 cm. 
336 |a text  |b txt  |2 rdacontent 
337 |a unmediated  |b n  |2 rdamedia 
338 |a volume  |b nc  |2 rdacarrier 
490 1 |a American Chemical Society. Monograph series,  |v no. 142 
504 |a Includes bibliographies. 
650 0 |a Zinc. 
650 0 |a Zinc  |x Metallurgy. 
710 2 |a American Zinc Institute. 
830 0 |a Monograph series (American Chemical Society) ;  |v no.142. 
999 |a MARS 
999 f f |s 830e8f4a-3c02-397b-bf32-88869aac69ad  |i 7feb4576-3053-3684-b08a-aab2758f9cbc  |t 0 
952 f f |p normal  |a Texas A&M University  |b College Station  |c Sterling C. Evans Library  |d Evans: Library Stacks  |t 0  |e TN796 .M36  |h Library of Congress classification  |i unmediated -- volume  |m A14827017300 
998 f f |a TN796 .M36  |t 0  |l Evans: Library Stacks